Pozycja Geographic Name
Liczba rekordów, w których użyto hasła: 2
001 - Numer kontrolny
- control field: 41038
003 - Identyfikator numeru kontrolnego
- control field: NUKAT
005 - Data i czas ostatniej modyfikacji
- control field: 20260430131757.0
008 - Dane kontrolne kodowane (40 znaków)
- fixed length control field: 050120n||azznnbabn |a ana |
010 ## - Numer kontrolny Biblioteki Kongresu
- numer kontrolny LC: p 2004300501
024 7# - OTHER STANDARD IDENTIFIER
- Standard number or code: 39156130882758310393
- Source of number or code: viaf
034 ## - CODED CARTOGRAPHIC MATHEMATICAL DATA
- Coordinates - westernmost longitude: E0203749
- Coordinates - easternmost longitude: E0203749
- Coordinates - northernmost latitude: N0505225
- Coordinates - southernmost latitude: N0505225
- Source: geonames
035 ## - Numer systemowy
- numer systemowy: a10005122
035 ## - Numer systemowy
- numer systemowy: (PL)a0000001000512
040 ## - Instytucja sporządzająca rekord
- inst. przygot. dane do rek. khw: WA N
- język haseł przedmiotowych/tezaurus: DBN
- inst. wprow. rek. khw: WA N
043 ## - Kod obszaru geograficznego
- ISO code: PL
151 ## - Hasło - nazwa geograficzna
- nazwa geograficzna: Kielce (woj. świętokrzyskie ; okolice)
368 ## - Other Attributes
- Juris type: Miasta
451 ## - Trop zob. - nazwa geograficzna
- nazwa geograficzna: Kielecczyzna
550 ## - Trop zob. też - nazwa pospolita
- nazwa posp. lub nazwa geogr. na pocz.: Obwodnica Kielc
551 ## - Trop zob. też - nazwa geograficzna
- nazwa geograficzna: Centralny Okręg Przemysłowy (Polska)
551 ## - Trop zob. też - nazwa geograficzna
- nazwa geograficzna: Generalne Gubernatorstwo Lubelskie (1915-1918)
551 ## - Trop zob. też - nazwa geograficzna
- nazwa geograficzna: Gubernia krakowska (1837-1841)
551 ## - Trop zob. też - nazwa geograficzna
- nazwa geograficzna: Powiat kielecki (1945-1975)
551 ## - Trop zob. też - nazwa geograficzna
- nazwa geograficzna: Staropolski Okręg Przemysłowy
551 ## - Trop zob. też - nazwa geograficzna
- nazwa geograficzna: Województwo kieleckie (1919-1939)
551 ## - Trop zob. też - nazwa geograficzna
- nazwa geograficzna: Województwo kieleckie (1945-1975)
670 ## - Źródło informacji
- źródło informacji: TERYT
670 ## - Źródło informacji
- źródło informacji: Wikipedia
682 ## - Informacja o usuniętym haśle
- tekst wyjaśniający: zmienione z:
- zastąpione hasło: Kielce (woj. świętokrzyskie ; okręg)